MARC details
| 000 -CABECERA |
| campo de control de longitud fija |
01476nam a2200289 a 4500 |
| 001 - NÚMERO DE CONTROL |
| campo de control |
000045327 |
| 005 - FECHA Y HORA DE LA ÚLTIMA TRANSACCIÓN |
| campo de control |
20240510073817.0 |
| 008 - DATOS DE LONGITUD FIJA--INFORMACIÓN GENERAL |
| campo de control de longitud fija |
150303s2015 dr ac 000 0 spa d |
| 020 ## - NÚMERO INTERNACIONAL ESTÁNDAR DEL LIBRO |
| Número Internacional Estándar del Libro |
9789945887693 |
| 040 ## - FUENTE DE LA CATALOGACIÓN |
| Centro catalogador/agencia de origen |
DO-SdBNP |
| Lengua de catalogación |
spa |
| Centro/agencia transcriptor |
BNPHU |
| 082 ## - NÚMERO DE LA CLASIFICACIÓN DECIMAL DEWEY |
| Número de clasificación |
101 |
| Número de documento/Ítem |
F825i |
| 100 1# - ENTRADA PRINCIPAL--NOMBRE DE PERSONA |
| Nombre de persona |
Franco Santiago, José Alt., |
| Fechas asociadas al nombre |
1958- |
| 9 (RLIN) |
73347 |
| 245 10 - MENCIÓN DE TÍTULO |
| Título |
Introducción a la filosofía : |
| Resto del título |
una perspectiva latinoamericana y cristiana / |
| Mención de responsabilidad, etc. |
José Alt. Franco Santiago, Yoselman Rodwin Mirabal ; prólogo Wilfredo Rosario Carrión. |
| 260 ## - PUBLICACIÓN, DISTRIBUCIÓN, ETC. |
| Lugar de publicación, distribución, etc. |
Santo Domingo : |
| Nombre del editor, distribuidor, etc. |
Mirabal Producciones, |
| Fecha de publicación, distribución, etc. |
2015. |
| 300 ## - DESCRIPCIÓN FÍSICA |
| Extensión |
160 p. : |
| Otras características físicas |
il., retrs. ; |
| Dimensiones |
23 cm. |
| 500 ## - NOTA GENERAL |
| Nota general |
Incluye datos biográficos de los autores en la solapa de la cubierta. |
| 500 ## - NOTA GENERAL |
| Nota general |
La biblioteca posee 3 ejemplares autografiados por el autor. |
| 504 ## - NOTA DE BIBLIOGRAFÍA, ETC. |
| Nota de bibliografía, etc. |
Bibliografía : p. 157- 160 |
| 505 0# - NOTA DE CONTENIDO CON FORMATO |
| Título |
Aspectos fundamentales de la filosofía -- |
| -- |
Origen del pensamiento filosófico -- |
| -- |
El conocimiento: Niveles, tipos e importancia -- |
| -- |
Corrientes filosóficas y filosofía contemporánea -- |
| -- |
Lógica y teorías del pensamiento -- |
| -- |
Fundamentos filosóficos de justicia ética moral -- |
| -- |
Glosario de términos filosóficos. |
| 590 ## - NOTA LOCAL (RLIN) |
| Nota local |
Inventariado, 2018 /LP |
| 650 #0 - PUNTO DE ACCESO ADICIONAL DE MATERIA--TÉRMINO DE MATERIA |
| Término de materia o nombre geográfico como elemento de entrada |
Filosofía |
| 9 (RLIN) |
813 |
| 650 #4 - PUNTO DE ACCESO ADICIONAL DE MATERIA--TÉRMINO DE MATERIA |
| Término de materia o nombre geográfico como elemento de entrada |
Filosofía latinoamericana |
| 9 (RLIN) |
471 |
| 650 #4 - PUNTO DE ACCESO ADICIONAL DE MATERIA--TÉRMINO DE MATERIA |
| Término de materia o nombre geográfico como elemento de entrada |
Filosofía dominicana |
| 9 (RLIN) |
473 |
| 700 12 - PUNTO DE ACCESO ADICIONAL--NOMBRE DE PERSONA |
| Nombre de persona |
Rodwin Mirabal, Yoelman, |
| Fechas asociadas al nombre |
1969- |
| 9 (RLIN) |
73348 |
| 700 12 - PUNTO DE ACCESO ADICIONAL--NOMBRE DE PERSONA |
| Nombre de persona |
Rosario Carrión, Wilfredo, |
| Término indicativo de función/relación |
pról. |
| 9 (RLIN) |
73349 |
| 910 ## - DATOS DE OPCIÓN DEL USUARIO (OCLC) |
| Datos de opción del usuario |
Validado. Control de calidad MFF |